000 01072cam a2200229 4500
001 ABS64786
008 011120n2001 000 0 eng u
035 _a(Sirsi) u115645
100 _aBrewer, G.
245 _aPayment and witholding notices
260 _c2001
490 _aContract Journal
_v410(6350) 24 October 2001, 29(1)
520 _aConsiders the requirement of the paying party to give payment and witholding notices under the Housing Grants, Construction and Regeneration Act 1996 which has lead to many disputes. Discusses the case of "Millers Specialist Joinery Co v Nobles Construction" (2001) which adds to the argument, regarding the manner in which payment and witholding of notices should be operated in practice.
590 _aABS
650 _aHOUSING GRANTS CONSTRUCTION AND REGENERATION ACT 1996
650 _aMILLERS SPECIALIST JOINERY CO V NOBLES CONSTRUCTION
650 _aWITHOLDING NOTICES
650 _aPAYMENT NOTICES
650 _aBUILT ENVIRONMENT-BUILDING CONTRACT FORMS
690 _aDispute resolution
_96236
942 _n0
999 _c68870
_d68870